000 00371nam a2200157Ia 4500
008 221030s9999 xx 000 0 und d
020 _a019567570
041 _aEnglish
082 _a105.23
_bMen
100 _aK. P. K. Menon
245 0 _aContemporary English Prose
260 _bOxfor University
_aNew Delhi
_c1997
300 _a164
650 _aEnglish
942 _cBK
999 _c1939
_d1939